000 00526nam a2200169 i 4500
001 32187
003 ES-MaACL
005 20230906154528.0
007 t|
008 030130s1983 sp ||||1| spa d
100 1 _aBernardo, Ignacio.
_928287
245 1 0 _aEsculturas
_b: del 9 al 30 de junio /
_cIgnacio Bernardo.
260 _aOviedo :
_bMuseo de Bellas Artes de Asturias,
_c1983.
300 _a10 h. :
_b6 lám. ;
_c25 cm.
710 2 _aMuseo de Bellas Artes de Asturias.
_95843
852 _aES-MaACL
_j2130-F-15
_bR.105530
999 _c32187
_d32187